Famous People Quiz - Statistics

General Stats
  • This quiz has been taken 66 times
  • The average score is 11 of 15
Answer Stats
Hint Answer % Correct
He discovered gravity Isaac Newton
93%
The painter of the Mona Lisa Leonardo Da Vinci
93%
Famous writer from the United Kingdom that wrote plays like Hamlet William Shakespeare
93%
He developed the special and general theories of relativity Albert Einstein
91%
He was the leader of the United Kingdom in the World War II Winston Churchill
91%
The inventors of the airplane Wright brothers
91%
Known as the creator of communism Karl Marx
89%
He removed apartheid from South Africa Nelson Mandela
89%
He raised the idea of biological evolution Charles Darwin
88%
She wrote a diary explaining her life as a Jewish Ana Frank
86%
He was the composer of the Iliad and the Odyssey Homer
79%
She flew through all the World Amelia Earhart
63%
The Tlatoani or leader of the Aztecs when Hernán Cortés arrived to Mexico Moctezuma II
32%
Conqueror of the Incas in 1533 Fransisco Pizarro
25%
The first queen of England Mary I
12%
No matching quizzes found
Score Distribution
Percent of People with Each Score
Percentile by Number Answered
Your Score History
You have not taken this quiz